| 000 | 01195nam a2200301 a 4500 | ||
|---|---|---|---|
| 003 | BLK | ||
| 005 | 20250519153431.0 | ||
| 007 | ta | ||
| 008 | 221104b bu |||||r|||| 00| | bu d | ||
| 020 | _a9786192461287 | ||
| 040 | _aBLK | ||
| 041 |
_aBUL _cBUL |
||
| 080 |
_9226869 _aАнглийска литература _b821.111 _x-93-31 _z821.111-93-31 |
||
| 084 | _aА 91 | ||
| 100 |
_9246108 _aАрчър, Джефри |
||
| 245 |
_aФарадей и фараонът на Египет _cДжефри Арчър ; ил. Скот Браун ; прев. Милко Стоименов |
||
| 246 | 1 | 4 | _aФарадей - кучето, което пътува във времето : Фараонът на Египет |
| 260 |
_9402164 _aСофия _bРобертино _c2025 |
||
| 300 |
_a164 с. _bс ил. _c20 см |
||
| 380 | _aDX | ||
| 500 | _aОриг загл.: Faraday and the Fall of the Pharoah | ||
| 700 |
_9498251 _aБраун, Скот |
||
| 700 |
_9258774 _aСтоименов, Милко Христов |
||
| 852 |
_bД _c821-93/А 91 Д |
||
| 856 |
_i0.00 _ldisable |
||
| 942 |
_cKNG _n0 _02 |
||
| 944 |
_cКети Илиева _k30549 _a30550 _lВася Ганчева |
||
| 999 |
_c535684 _d535684 |
||